| 000 | 00884nam a22002777a 4500 | ||
|---|---|---|---|
| 003 | CHAP | ||
| 005 | 20220329140911.0 | ||
| 008 | 971013c19931989 r 00010 d | ||
| 010 | _a59506 | ||
| 011 | _a60478 | ||
| 035 | _a64640 | ||
| 040 | _cCHAP | ||
| 082 |
_a635.903 _bE54Y |
||
| 245 |
_aEnciclopedia de la jardinería _b: 617 fotografías y 124 dibujos a todo color |
||
| 260 |
_aMadrid : _bSusaeta, _c1993 (c.1989) |
||
| 300 |
_a440 p. _b: ilus. |
||
| 590 |
_aBATCH-UPD _b10 _c20130110 _lUCH01 _h0810 |
||
| 590 |
_aBATCH-UPD _b10 _c20130410 _lUCH01 _h0447 |
||
| 590 |
_aBATCH-UPD _b10 _c20130914 _lUCH01 _h0648 |
||
| 590 |
_aCONVERSION _b10 _c20130109 _lUCH01 _h1332 |
||
| 650 | 1 | 4 |
_aJardinería _xDiccionarios. _961144 |
| 700 | 0 |
_aBohm, Cestmír. _913433 |
|
| 901 | _aBK | ||
| 942 | _cLIBRO | ||
| 949 |
_a635.903 E54Y _bBC _cMUT _d33724000120812 _eMUT _gI.181134 _h90131 _i64640 _si _t164.00 |
||
| 999 |
_c59506 _d59506 |
||